Técnicas de realización de reportajes y documentales para televisión

Salvato in:
Dettagli Bibliografici
Autore principale: Barroso García, Jaime (Autore)
Natura: Libro
Lingua:spagnolo
Pubblicazione: Madrid Instituto Oficial de Radio y Televisión 2001
Serie:Unidad Didáctica, 133
Soggetti:
Tags: Aggiungi Tag
Nessun Tag, puoi essere il primo ad aggiungerne!!

MARC

LEADER 00000nam a2200000 a 4500
001 UCL5241
003 CL-VaPUC
008 040305e20010000SP |||||||||||||||||spa|d
020 |a 848698467X 
082 0 4 |a 070.195  |b BAR  |2 21 
100 0 |a Barroso García, Jaime  |e author  |9 482974 
245 1 0 |a Técnicas de realización de reportajes y documentales para televisión 
300 |a 146 p 
942 |c BK 
945 |d 20040305 00:00:00  |a cmena 
260 |a Madrid  |b Instituto Oficial de Radio y Televisión  |c 2001 
650 0 |a Programas de televisión  |9 335092 
650 7 |a REPORTAJES  |2 CL-VaPUC  |9 379680 
650 0 |a Periodismo   |9 310113 
583 |a last modification  |c 20040305 00:00:00  |k Rodrigo Vera 
490 0 |a Unidad Didáctica, 133 
999 |c 307886  |d 307884 
952 |0 0  |1 0  |4 0  |6 070_195000000000000_BAR_2001  |7 0  |8 A  |9 374039  |a BIBCUR  |b BIBCUR  |d 2019-11-21  |i 3903508  |o 070.195 BAR 2001  |p 3903508  |r 2025-04-22  |w 2019-11-21  |y BK  |k PER